Answers Contain "Show" - Statistics

General Stats
  • This quiz has been taken 66 times
  • The average score is 9 of 17
Answer Stats
Hint Answer % Correct
1998 Jim Carrey film that involves reality television The Truman Show
90%
1984–1992 show about the Huxtable family The Cosby Show
72%
1993 was the debut of this show, once hosted by David Letterman The Late Show
72%
1954 was the debut of this talk show, once hosted by Johnny Carson The Tonight Show
70%
1998–2006 show with Ashton Kutcher, Topher Grace, and Mila Kunis That '70s Show
64%
Premium television network, similar to HBO Showtime
62%
1975 musical film with Tim Curry and Susan Sarandon The Rocky Horror Picture Show
62%
1927 musical by Hammerstein set on the Mississippi River Show Boat
56%
Nickname for Missouri Show Me State
56%
1995 erotic drama film starring Elizabeth Berkley Showgirls
51%
2000 Christopher Guest mockumentary about a prestigious dog show Best in Show
49%
1996 was the debut of this Comedy Central satirical news show The Daily Show
43%
1972 was the birth year of Paul Wight, better known as this wrestler. Big Show
36%
2003–2006 sketch comedy show with Dave Chappelle Chappelle's Show
26%
2002 album by Eminem The Eminem Show
23%
1995–1998 sketch comedy show with David Cross and Bob Odenkirk Mr. Show
16%
1998 single by Marilyn Manson The Dope Show
10%
No matching quizzes found
Score Distribution
Percent of People with Each Score
Percentile by Number Answered
Your Score History
You have not taken this quiz